| 000 -LEADER |
| fixed length control field |
00470nam a22000977a 4500 |
| 008 - FIXED-LENGTH DATA ELEMENTS--GENERAL INFORMATION |
| fixed length control field |
150810b xxu||||| |||| 00| 0 ger d |
| 100 ## - MAIN ENTRY--AUTHOR'S NAME |
| Author's Name |
Hueske, Paul-Jurgen |
| 245 ## - TITLE STATEMENT |
| Title |
Die Gebuhren im Deutschen Reich 1923-1933 |
| Remainder of title |
INFLA-Bucherei ; 42. Deutsches Reich : Die Gebuhren im Deutschen Reich 1923-1933 |
| 260 ## - PUBLICATION, DISTRIBUTION, ETC. (IMPRINT) |
| Name of publisher, distributor, etc. |
INFLA-Berlin Verein der Deutschlandsammler e.V. |
| Date of publication, distribution, etc. |
1998 |
| 500 ## - GENERAL NOTE |
| Materials specified |
Text in German.<br/>Translation of title: German Reich : The postal rates in the German Reich 1923-1933. |